Kto sme, čo chceme, kam ideme?

Bibliographic Details
Main Author: Kočtúch, Hvezdoň Dušan, 1929-1994 (Author)
Format: Article
Language:Slovak
PhysicalDescription:Fotogr. 1
Subjects:

MARC

LEADER 00000nab a2200000 a 4500
001 vtls000471921
003 SK-MaSNL
005 20260311224825.0
008 230302c1992 xo 0 slo
015 |a SNBRB19rr/mm-uuuuu 
035 |a CL0472054 
035 |a urn:nbn:sk:snk-abamer 
035 |a (urnnbn)urn:nbn:sk:snk:ar-00878u 
035 |a (uuid)39b7d4f2-44c5-49ed-90b9-6966b97268cd 
040 |a SNKBUCL  |b slo  |c SNKBUCL  |e AACR2 
041 0 |a slo 
044 |a xo  |c SK 
080 |a 301.152:323.1(=854)  |2 1981 
080 |a 342.15(437)  |2 1981 
080 |a 321.011(437.6)  |2 1981 
100 1 |a Kočtúch, Hvezdoň Dušan,  |d 1929-1994  |4 aut  |9 37526 
245 1 0 |a Kto sme, čo chceme, kam ideme?  |c Hvezdoň Kočtúch 
300 |b Fotogr. 1 
650 0 7 |a Slováci  |2 snkbucl  |9 22552 
650 0 7 |a národná identita  |2 snkbucl  |9 1665 
651 7 |a Československo  |2 snkbucl  |9 21376 
655 7 |a články z novín a časopisov  |2 snkbucl  |9 267496 
773 0 |t Literárny týždenník  |g Roč. 5, č. 29 (1992), s. 1 a 13 
850 |a Slovenská národná knižnica v Martine  |a MTA001 
852 |a SNK  |b KIS3GCP 
954 |a odborná, vedecká literatúra pôvodná (slovenská)  |2 lita 
958 |a RK 
958 |a OND 
958 |a EUIPO 
958 |a article14 
999 |c 3262413  |d 3264343